Historia de la arquitectura cristiana española en la Edad Media : según el estudio de los elementos y los monumentos /

Obra en tres volúmenes, en los cuales el autor explora la evolución y el sentido de la arquitectura religiosa medieval en España, a partir del estudio de los monumentos mismos, aunque apoyándose también en los documentos sobre la materia. En cada período analizado, tras un resumen histórico, caracte...

Повний опис

Збережено в:
Бібліографічні деталі
Автор: Lampérez y Romea, Vicente (autor)
Формат: Книга
Мова:Іспанська
Опубліковано: Madrid, España : Espasa-Calpe, 1930, c1930
Предмети:
Теги: Додати тег
Немає тегів, Будьте першим, хто поставить тег для цього запису!

MARC

LEADER 00000nam^a2200000^a^4500
001 000321181
005 20250521000000.0
008 120425 19301930
009 20260310113534.337
037 |a Acervo ITESO - Biblioteca 
041 |a ESP 
082 |a 720. 94602  |b LAM 
100 |a Lampérez y Romea, Vicente  |e (autor) 
245 1 0 |a Historia de la arquitectura cristiana española en la Edad Media :  |b según el estudio de los elementos y los monumentos /  |c V. Lampérez y Romea. 
264 4 |a Madrid, España :  |b Espasa-Calpe,  |c 1930, c1930 
300 |a 3 v. (570, 661, 640 p.) 
336 |a texto  |b txt  |2 rdacontenido 
337 |a sin mediación  |b n  |2 rdamedio 
338 |a volumen  |b nc  |2 rdasoporte 
520 |a Obra en tres volúmenes, en los cuales el autor explora la evolución y el sentido de la arquitectura religiosa medieval en España, a partir del estudio de los monumentos mismos, aunque apoyándose también en los documentos sobre la materia. En cada período analizado, tras un resumen histórico, caracteriza el estilo y presenta luego la cronología, las escuelas, los elementos y la geografía del estilo y los monumentos. 
649 |a XX 
650 |a Arquitectura Cristiana -  |z España -  |x Tema Principal 
650 |a Arquitectura Cristiana -  |z España -  |x Historia y Crítica 
650 |a Arquitectura Cristiana -  |x Historia y Crítica 
650 |a Arquitectura Religiosa -  |z España -  |x Tema Principal 
650 |a Arquitectura Religiosa -  |z España -  |x Historia y Crítica 
650 |a Arquitectura Religiosa -  |x Historia y Crítica 
650 |a Arquitectura Medieval -  |z España -  |x Tema Principal 
650 |a Arquitectura Medieval -  |z España -  |x Historia y Crítica 
650 |a Arquitectura Medieval -  |x Historia y Crítica 
650 |a Arquitectura Española -  |x Tema Principal 
650 |a Arquitectura Española -  |x Historia y Crítica 
650 |a Arte Cristiano -  |z España -  |x Historia y Crítica 
650 |a Arte Cristiano -  |x Historia y Crítica 
650 |a Arte Religioso -  |z España -  |x Tema Principal 
650 |a Arte Religioso -  |z España -  |x Historia y Crítica 
650 |a Arte Religioso -  |x Historia y Crítica 
650 |a Arte Medieval -  |z España -  |x Tema Principal 
650 |a Arte Medieval -  |z España -  |x Historia y Crítica 
650 |a Arte Medieval -  |x Historia y Crítica 
650 |a Arte Español -  |x Historia y Crítica 
650 |a España -  |x Historia -  |y Período Arabe, 711-1492 
910 |a Fondo Ignacio Díaz Morales 
920 |a Impresos - Libros 
930 |a Arquitectos Jaliscienses 
905 |a 114 
901 |a 0500208330  |b IT1  |c JAL  |i D58062  |u 20250521 
901 |a 0500208346  |b IT1  |c JAL  |i D58058  |u 20250521 
901 |a 0500208343  |b IT1  |c JAL  |i D58055  |u 20250521 
902 |a https://opac.biblio.iteso.mx/vufind/Record/000321181